[Event "9. Lichtenberger Sommer"]
[Site "Berlin"]
[Date "2010.08.09"]
[Round "3.101"]
[White "Stiemerling, Karl-Heinz"]
[Black "Opitz, Stefanie"]
[Result "1/2-1/2"]
[WhiteElo "1725"]
[BlackElo "1156"]
[PlyCount "104"]
[EventDate "2010.??.??"]
[WhiteTeam "SG Eckturm"]
[BlackTeam "TSG Oberschöneweide e.V."]

1. e4 c5 2. Nc3 Nc6 3. Bb5 e6 4. Nf3 a6 5. Bxc6 bxc6 6. e5 d6 7. d4 cxd4 8.
Qxd4 c5 9. Qf4 h6 10. exd6 Bxd6 11. Qg4 g6 12. O-O Nf6 13. Qc4 Qc7 14. g3 Bb7
15. Qe2 g5 16. Nd2 h5 17. Nde4 Nxe4 18. Nxe4 Be7 19. Bxg5 Qc6 20. f3 Bxg5 21.
Nxg5 Ke7 22. Rae1 Rh6 23. Nh3 h4 24. g4 Rg8 25. Nf2 Qxf3 26. Qxf3 Bxf3 27. h3
f5 28. Kh2 fxg4 29. hxg4 h3 30. Rg1 Bg2 31. Re3 Rgh8 32. g5 Rh4 33. g6 Rg8 34.
Rg3 Kf6 35. Nxh3 Be4 36. g7 Bxc2 37. Rf3+ Bf5 38. Rfg3 c4 39. b3 cxb3 40. axb3
Rg4 41. Rxg4 Bxg4 42. Rxg4 e5 43. Nf2 Kf5 44. Kg3 a5 45. Kf3 Ke6 46. Ke4 Kf7
47. Kxe5 Re8+ 48. Kf5 Kg8 49. Kf6 Rb8 50. Rh4 Rb6+ 51. Ke7 Rxb3 52. Ra4 Re3+
1/2-1/2

[Event "9. Lichtenberger Sommer"]
[Site "Berlin"]
[Date "2010.08.09"]
[Round "3.102"]
[White "Lippianowski, Stefan"]
[Black "Möller, Dirk"]
[Result "0-1"]
[WhiteElo "1301"]
[BlackElo "1621"]
[PlyCount "50"]
[EventDate "2010.??.??"]
[WhiteTeam "Treptower SV 1949 e.V."]
[BlackTeam "SC Kreuzberg e.V."]

1. e4 e5 2. Nf3 Nc6 3. Nc3 Nf6 4. Bc4 Bb4 5. Nd5 Nxe4 6. O-O d6 7. d3 Nf6 8.
Ng5 Be6 9. Nxe6 fxe6 10. Nxb4 Nxb4 11. Bxe6 Qe7 12. c3 Nxd3 13. Bf5 e4 14. Be3
O-O 15. Qb3+ Kh8 16. Qc2 Qe5 17. Bh3 Rae8 18. Bd4 Qh5 19. Bxf6 Rxf6 20. Bd7
Ref8 21. Qd1 Qf7 22. Bb5 Nxf2 23. Qb3 Nh3+ 24. Kh1 Rxf1+ 25. Rxf1 Qxf1+ 0-1

[Event "9. Lichtenberger Sommer"]
[Site "Berlin"]
[Date "2010.08.10"]
[Round "4.1"]
[White "Dauth, Benjamin"]
[Black "Braun, Arik"]
[Result "1/2-1/2"]
[WhiteElo "2291"]
[BlackElo "2527"]
[PlyCount "61"]
[EventDate "2010.??.??"]
[WhiteTeam "SC Rotation Pankow e.V."]
[BlackTeam "SC Eppingen"]

1. e4 c6 2. d4 d5 3. exd5 cxd5 4. Bd3 Nc6 5. c3 g6 6. Nf3 Bg7 7. O-O Nh6 8. Re1
O-O 9. Nbd2 Bf5 10. Nf1 Bxd3 11. Qxd3 Nf5 12. Ne3 Nxe3 13. Bxe3 Qd6 14. Qd2 b5
15. Bf4 Qd7 16. Bh6 f6 17. Bxg7 Kxg7 18. Re3 Rab8 19. Rae1 Rf7 20. a3 a5 21. b4
axb4 22. axb4 Ra8 23. Qe2 Qb7 24. Nd2 Ra2 25. Rh3 Qa6 26. Qe6 Rxd2 27. Rxh7+
Kxh7 28. Qxf7+ Kh8 29. Qf8+ Kh7 30. Qf7+ Kh8 31. Qf8+ 1/2-1/2

[Event "9. Lichtenberger Sommer"]
[Site "Berlin"]
[Date "2010.08.10"]
[Round "4.2"]
[White "Stern, René"]
[Black "Vogel, Robert"]
[Result "1-0"]
[WhiteElo "2490"]
[BlackElo "2284"]
[PlyCount "89"]
[EventDate "2010.??.??"]
[WhiteTeam "SK König Tegel 1949 e.V."]
[BlackTeam "SGem Pang/Rosenheim"]

1. d4 Nf6 2. c4 c5 3. d5 e6 4. Nc3 exd5 5. cxd5 d6 6. Nf3 g6 7. Bf4 Bg7 8. Qa4+
Bd7 9. Qb3 Qc7 10. e4 O-O 11. Bd3 Re8 12. Nd2 Nh5 13. Be3 Na6 14. O-O Rab8 15.
Rac1 Qd8 16. Nb5 Qf6 17. e5 Rxe5 18. Nc4 Nb4 19. Nxe5 Qxe5 20. Be2 Nxd5 21.
Bxh5 Nxe3 22. fxe3 Be6 23. Qd1 gxh5 24. Qxd6 b6 25. Qxe5 Bxe5 26. Nxa7 Bxb2 27.
Rb1 Bc3 28. Nc6 Ra8 29. Rxb6 Rxa2 30. Ne7+ Kg7 31. Nf5+ Kf6 32. Nd4+ Ke5 33.
Nxe6 fxe6 34. Rc1 Bb4 35. Rc4 Kd5 36. Rbxb4 cxb4 37. Rxb4 Re2 38. Rb5+ Ke4 39.
Rxh5 Kxe3 40. Rh3+ Kd2 41. Rxh7 e5 42. h4 e4 43. Rd7+ Ke1 44. h5 e3 45. Rd3 1-0

[Event "9. Lichtenberger Sommer"]
[Site "Berlin"]
[Date "2010.08.10"]
[Round "4.3"]
[White "Brustkern, Jürgen"]
[Black "Rabiega, Robert"]
[Result "1/2-1/2"]
[WhiteElo "2266"]
[BlackElo "2508"]
[PlyCount "79"]
[EventDate "2010.??.??"]
[WhiteTeam "SK Zehlendorf e.V."]
[BlackTeam "SK König Tegel 1949 e.V."]

1. d4 d5 2. c4 dxc4 3. e4 e5 4. Nf3 exd4 5. Bxc4 Nc6 6. O-O Be6 7. Bb5 Bc5 8.
b4 Bb6 9. Bb2 Nf6 10. Nxd4 Bxd4 11. Bxc6+ bxc6 12. Bxd4 Nxe4 13. Bxg7 Rg8 14.
Qc2 Rxg7 15. Qxe4 Qd5 16. Nc3 Qxe4 17. Nxe4 O-O-O 18. f3 Bd5 19. Nc5 Rdg8 20.
Rf2 Re8 21. Kf1 Bc4+ 22. Kg1 Bd5 23. Rc1 Rg5 24. Kf1 Rh5 25. h3 Rh4 26. a3 Bc4+
27. Kg1 Rd4 28. Rfc2 Bd5 29. Kf2 f5 30. Re1 Rxe1 31. Kxe1 Kd8 32. Rd2 Rc4 33.
Kf2 Ke7 34. g3 a5 35. Re2+ Kf7 36. Nd7 Rc3 37. Re3 Rc2+ 38. Re2 Rc3 39. Re3
Rc2+ 40. Re2 1/2-1/2

[Event "9. Lichtenberger Sommer"]
[Site "Berlin"]
[Date "2010.08.10"]
[Round "4.4"]
[White "Richter, Michael"]
[Black "Rietze, Clemens"]
[Result "1-0"]
[WhiteElo "2428"]
[BlackElo "2231"]
[PlyCount "77"]
[EventDate "2010.??.??"]
[WhiteTeam "Schachpinguine Berlin e.V."]
[BlackTeam "USV Potsdam e.V., Abt. Schach"]

1. d4 Nf6 2. c4 c5 3. d5 e6 4. Nc3 exd5 5. cxd5 g6 6. Nf3 d6 7. Bf4 a6 8. Nd2
Nh5 9. Be3 Bg7 10. Qa4+ Bd7 11. Qe4+ Kf8 12. Qc2 f5 13. g3 Kf7 14. Bg2 b5 15.
a4 bxa4 16. O-O Re8 17. Nxa4 Bb5 18. Bf3 Nf6 19. Bf4 Bf8 20. Nc4 Bxc4 21. Qxc4
Nbd7 22. b4 cxb4 23. Qxb4 Ne5 24. Bg2 Nfd7 25. Rfc1 Qb8 26. Qa3 Qb5 27. Nc3 Qc5
28. Ne4 Qxa3 29. Ng5+ Kg8 30. Rxa3 Nc5 31. Ne6 Nxe6 32. dxe6 Ra7 33. Be3 Rae7
34. Rxa6 Kg7 35. Bd5 Rxe6 36. Bd4 Kh6 37. Bxe6 Rxe6 38. Rc7 g5 39. Raa7 1-0

[Event "9. Lichtenberger Sommer"]
[Site "Berlin"]
[Date "2010.08.10"]
[Round "4.5"]
[White "Dimitrijeski, Kristian"]
[Black "Figura, Atila Gajo"]
[Result "0-1"]
[WhiteElo "2229"]
[BlackElo "2403"]
[PlyCount "126"]
[EventDate "2010.??.??"]
[WhiteTeam "SK König Tegel 1949 e.V."]
[BlackTeam "SC Kreuzberg e.V."]

1. d4 Nf6 2. c4 e6 3. Nf3 d5 4. Nc3 Bb4 5. cxd5 exd5 6. Bg5 h6 7. Bxf6 Qxf6 8.
e3 O-O 9. Qb3 Qd6 10. Bd3 c6 11. O-O Ba5 12. Ne5 Nd7 13. Nxd7 Qxd7 14. Qc2 Qd6
15. Bf5 Bc7 16. g3 Be6 17. Kg2 Rae8 18. Bxe6 Rxe6 19. Rac1 Bb8 20. Ne2 Qe7 21.
Qc5 Qf6 22. b4 h5 23. b5 h4 24. Nf4 Bxf4 25. exf4 Qf5 26. Qc2 Qh5 27. Qd3 Rfe8
28. bxc6 bxc6 29. f5 h3+ 30. Kg1 Re2 31. Rxc6 Rd2 32. g4 Qxg4+ 33. Qg3 Qxf5 34.
Rc3 Rxd4 35. Qxh3 Qxh3 36. Rxh3 Ra4 37. Rd1 d4 38. Rhd3 Rd8 39. a3 f6 40. Kg2
Kf7 41. Kf3 g5 42. Ke4 Kg6 43. Rxd4 Rdxd4+ 44. Rxd4 Rxa3 45. Rd7 a5 46. Ra7 a4
47. Ra6 Rh3 48. Ra5 Rxh2 49. Kf3 Rh3+ 50. Kg2 Ra3 51. Kh2 Ra1 52. Kg2 a3 53.
Kh2 a2 54. Kg2 g4 55. Kh2 f5 56. Kg2 f4 57. Ra6+ Kf5 58. Ra5+ Ke6 59. Ra6+ Kd5
60. Ra5+ Kc6 61. Ra6+ Kb5 62. Ra8 f3+ 63. Kh2 g3+ 0-1

[Event "9. Lichtenberger Sommer"]
[Site "Berlin"]
[Date "2010.08.10"]
[Round "4.6"]
[White "Rohde, Wolfgang"]
[Black "Postler, Reinhard"]
[Result "1/2-1/2"]
[WhiteElo "2166"]
[BlackElo "2327"]
[PlyCount "45"]
[EventDate "2010.??.??"]
[WhiteTeam "SC Friesen Lichtenberg e.V."]
[BlackTeam "TSG Oberschöneweide e.V."]

1. d4 Nf6 2. Nf3 d5 3. c4 c6 4. Nc3 e6 5. e3 Nbd7 6. Bd3 dxc4 7. Bxc4 b5 8. Bd3
Bb7 9. O-O b4 10. Ne4 Nxe4 11. Bxe4 Nf6 12. Bd3 Be7 13. a3 O-O 14. axb4 Bxb4
15. Qb3 c5 16. dxc5 a5 17. Rd1 Qe7 18. Bd2 Bxf3 19. gxf3 Qxc5 20. Bxb4 axb4 21.
Rxa8 Rxa8 22. Qc4 Qb6 23. Qb5 1/2-1/2

[Event "9. Lichtenberger Sommer"]
[Site "Berlin"]
[Date "2010.08.10"]
[Round "4.7"]
[White "Schmid, Thomas"]
[Black "Reichenbach, Werner"]
[Result "1/2-1/2"]
[WhiteElo "2268"]
[BlackElo "2269"]
[PlyCount "107"]
[EventDate "2010.??.??"]
[WhiteTeam "Lübecker SV von 1873"]
[BlackTeam "SK Zehlendorf e.V."]

1. Nc3 e5 2. Nf3 Nc6 3. d4 exd4 4. Nxd4 Bc5 5. Nf5 Qf6 6. e4 Nge7 7. Ne3 d6 8.
Bd3 Ne5 9. Be2 c6 10. O-O g5 11. Na4 Bb4 12. a3 Ba5 13. f4 gxf4 14. Rxf4 Qe6
15. Qf1 Bd8 16. Rf6 Qd7 17. Nc4 Nxc4 18. Bxc4 d5 19. exd5 Nxd5 20. Rf3 b5 21.
Bxd5 Qxd5 22. Nc3 Qc4 23. Qe1+ Be6 24. Rf4 Qc5+ 25. Be3 Qh5 26. Ne4 Be7 27. Qc3
Kd7 28. Bxa7 Rhg8 29. Bf2 Bd5 30. Re1 Qg6 31. Ng3 h5 32. h4 Bd6 33. Rf6 Qg4 34.
Rxd6+ Kxd6 35. Qf6+ Be6 36. Ne4+ Kd7 37. Qd4+ Kc8 38. Bg3 Bd5 39. Qe5 Qd7 40.
Nd6+ Kc7 41. Nxb5+ Kb6 42. Nd6 Qg4 43. Re3 Qd1+ 44. Kh2 Qxc2 45. Re2 Qd3 46.
Ne4 Rxg3 47. Nxg3 Rg8 48. Re3 Qc4 49. Qe7 Rg4 50. Qd8+ Ka6 51. Qc8+ Kb6 52.
Qb8+ Ka6 53. Qc8+ Kb6 54. Qb8+ 1/2-1/2

[Event "9. Lichtenberger Sommer"]
[Site "Berlin"]
[Date "2010.08.10"]
[Round "4.8"]
[White "Brüdigam, Martin"]
[Black "Schleich, Theodor"]
[Result "1-0"]
[WhiteElo "2318"]
[BlackElo "2128"]
[PlyCount "117"]
[EventDate "2010.??.??"]
[WhiteTeam "Sfrd. Berlin 1903 e.V."]
[BlackTeam "FC Bayern München e.V."]

1. e4 e6 2. d4 c5 3. Nf3 cxd4 4. Nxd4 Qb6 5. Nc3 Bc5 6. Na4 Qa5+ 7. c3 Bxd4 8.
Qxd4 Nf6 9. Nc5 Nc6 10. Qd6 b6 11. Nb3 Nxe4 12. Qxc6 dxc6 13. Nxa5 bxa5 14. Be3
O-O 15. O-O-O Nf6 16. f3 Nd5 17. Bf2 e5 18. c4 Nb6 19. Rd6 Bb7 20. Be2 Rac8 21.
Rhd1 c5 22. b3 Rc7 23. a4 e4 24. Be1 exf3 25. Bxf3 Bxf3 26. gxf3 Re7 27. Bxa5
Re3 28. R1d3 Rxd3 29. Rxd3 Rb8 30. Be1 f6 31. Bf2 Kf7 32. a5 Nc8 33. Bxc5 Ke6
34. Kc2 Rb7 35. b4 Rc7 36. Kb3 g5 37. Bf8 h5 38. b5 g4 39. Kb4 f5 40. fxg4 hxg4
41. h3 Ke5 42. hxg4 fxg4 43. c5 Ke4 44. Rg3 Kf4 45. Bd6+ Nxd6 46. cxd6 Rd7 47.
Rd3 g3 48. Kc5 g2 49. Rd1 Rg7 50. Rg1 Ke5 51. Kc6 Rg6 52. Kc7 Rxd6 53. Rxg2 Rh6
54. Rd2 Rh1 55. b6 axb6 56. axb6 Rc1+ 57. Kb8 Rb1 58. b7 Ke6 59. Ra2 1-0

[Event "9. Lichtenberger Sommer"]
[Site "Berlin"]
[Date "2010.08.10"]
[Round "4.9"]
[White "Köpke, Christian"]
[Black "Kurz, Christian"]
[Result "1/2-1/2"]
[WhiteElo "2381"]
[BlackElo "2133"]
[PlyCount "63"]
[EventDate "2010.??.??"]
[WhiteTeam "SC Tarrasch 45 München"]
[BlackTeam "SC Bechhofen 1923 e.V."]

1. e4 e6 2. d4 d5 3. Nc3 dxe4 4. Nxe4 Qd5 5. Bd3 Nf6 6. Nxf6+ gxf6 7. Nf3 Rg8
8. O-O Nc6 9. Re1 Qh5 10. Be4 Bd6 11. g3 e5 12. dxe5 fxe5 13. Bxc6+ bxc6 14.
Nxe5 Qxd1 15. Rxd1 Bxe5 16. Re1 f6 17. f4 Be6 18. fxe5 f5 19. Be3 a6 20. Rad1
h5 21. Kf2 Rg4 22. h4 Bd5 23. b3 a5 24. a4 Ke7 25. Rd4 Re4 26. Rxe4 Bxe4 27.
Re2 Ke6 28. Rd2 Rg8 29. Bg5 Rb8 30. Be3 Rg8 31. Bg5 Rb8 32. Be3 1/2-1/2

[Event "9. Lichtenberger Sommer"]
[Site "Berlin"]
[Date "2010.08.10"]
[Round "4.10"]
[White "Jahnz, Fabian"]
[Black "Petersen, Soren Boeck"]
[Result "1/2-1/2"]
[WhiteElo "2186"]
[BlackElo "2262"]
[PlyCount "48"]
[EventDate "2010.??.??"]
[WhiteTeam "SK König Tegel 1949 e.V."]
[BlackTeam "Damhus Skakklub"]

1. e4 e6 2. d4 d5 3. Nc3 Bb4 4. exd5 exd5 5. Bd3 Nc6 6. a3 Bxc3+ 7. bxc3 Nge7
8. Qf3 Be6 9. Ne2 Qd7 10. O-O O-O-O 11. Rb1 h5 12. h3 Rdg8 13. Nf4 g5 14. Nxe6
fxe6 15. Qe2 Nf5 16. Re1 Rg6 17. g3 Qd6 18. Bd2 g4 19. h4 Rf8 20. Bf4 Qd7 21.
Bg5 Nd8 22. Bf4 Rgf6 23. Bg5 Rg6 24. Bf4 Rgf6 1/2-1/2

[Event "9. Lichtenberger Sommer"]
[Site "Berlin"]
[Date "2010.08.10"]
[Round "4.11"]
[White "Magnussen, Helge"]
[Black "Kanellopoulos, Panayotis"]
[Result "1-0"]
[WhiteElo "2119"]
[BlackElo "2268"]
[PlyCount "121"]
[EventDate "2010.??.??"]
[WhiteTeam "Elmshorner SC von 1896"]
[BlackTeam "Patras Chess Club"]

1. d4 Nf6 2. c4 g6 3. g3 Bg7 4. Bg2 d6 5. Nf3 O-O 6. O-O Nc6 7. Nc3 a6 8. h3
Rb8 9. e4 Bd7 10. e5 Ne8 11. Re1 b5 12. cxb5 axb5 13. Nd5 dxe5 14. dxe5 Be6 15.
Nf4 Qxd1 16. Rxd1 Nxe5 17. Nxe5 Bxe5 18. Nxe6 fxe6 19. Bh6 Ng7 20. Rd2 Rbd8 21.
Rad1 Rd6 22. Bf1 Rb8 23. Re1 Bd4 24. Bf4 e5 25. Bg5 Kf7 26. Rc2 Ne6 27. Be3 c5
28. Kg2 Ra6 29. b3 Rd6 30. h4 Kf6 31. Kh1 b4 32. Bh3 Bc3 33. Bg5+ Nxg5 34.
hxg5+ Kxg5 35. Re4 Bd4 36. Rce2 Rf8 37. f4+ exf4 38. gxf4+ Kh6 39. Kh2 Bf6 40.
Kg3 Rd3+ 41. Kg4 Rfd8 42. Bf1 Kg7 43. R4e3 Rxe3 44. Rxe3 Rd2 45. Re2 Rxe2 46.
Bxe2 e5 47. Bd3 h5+ 48. Kg3 exf4+ 49. Kxf4 Bd4 50. Be2 Kf6 51. Kg3 Kg5 52. Kh3
Kh6 53. Kg3 g5 54. Kf3 g4+ 55. Kf4 Kg6 56. Bb5 Kf6 57. Be8 Be5+ 58. Ke4 h4 59.
Bd7 Kg5 60. Kxe5 h3 61. Bf5 1-0

[Event "9. Lichtenberger Sommer"]
[Site "Berlin"]
[Date "2010.08.10"]
[Round "4.12"]
[White "Höckendorf, Hartmut"]
[Black "Welz, Peter"]
[Result "1-0"]
[WhiteElo "2232"]
[BlackElo "2162"]
[PlyCount "117"]
[EventDate "2010.??.??"]
[WhiteTeam "BSG Pneumant Fürstenwalde e.V."]
[BlackTeam "SV Empor Berlin e.V."]

1. e4 e6 2. d4 d5 3. Nc3 Bb4 4. Bd3 dxe4 5. Bxe4 Nf6 6. Bf3 c5 7. a3 Ba5 8.
dxc5 Qxd1+ 9. Bxd1 Bxc3+ 10. bxc3 Ne4 11. Bf3 Nxc5 12. Bf4 f5 13. Nh3 h6 14.
Bh5+ Ke7 15. O-O-O Nbd7 16. g4 e5 17. Rhe1 fxg4 18. Bxg4 Kf7 19. Bg3 g5 20.
Bh5+ Kg7 21. Rd6 Rf8 22. f4 Nf6 23. fxg5 Nxh5 24. Bxe5+ Kf7 25. Rf1+ Ke7 26.
Rxf8 Kxf8 27. Rxh6 Ng7 28. Bd6+ Kf7 29. Bxc5 Bxh3 30. Rxh3 Kg6 31. Be3 Nh5 32.
Rh4 b6 33. Rd4 Ng7 34. Rd7 Nf5 35. Bf4 Rc8 36. Rxa7 Rxc3 37. Bd2 Rc6 38. Rd7
Kh5 39. Kb2 Kg4 40. Rd3 Nd6 41. Rg3+ Kh5 42. Bf4 Ne4 43. Rg1 b5 44. g6 Rxg6 45.
Rxg6 Kxg6 46. Kb3 Nf6 47. c4 bxc4+ 48. Kxc4 Kf5 49. Bg3 Ke6 50. a4 Kd7 51. h4
Kc6 52. Bf2 Kb7 53. Kb5 Nh5 54. a5 Nf4 55. a6+ Ka8 56. Kc6 Ng6 57. h5 Ne5+ 58.
Kd5 Ng4 59. Bd4 1-0

[Event "9. Lichtenberger Sommer"]
[Site "Berlin"]
[Date "2010.08.10"]
[Round "4.13"]
[White "Friedrich, Wiede"]
[Black "Penner, Markus"]
[Result "1/2-1/2"]
[WhiteElo "2183"]
[BlackElo "1921"]
[PlyCount "66"]
[EventDate "2010.??.??"]
[WhiteTeam "USV Potsdam e.V., Abt. Schach"]
[BlackTeam "SK Zehlendorf e.V."]

1. e4 e5 2. Nf3 Nc6 3. Bc4 Bc5 4. O-O d6 5. c3 Nf6 6. d3 h6 7. Re1 O-O 8. b4
Bb6 9. Nbd2 Be6 10. Bxe6 fxe6 11. Nc4 Qd7 12. a4 Ng4 13. Ra2 a6 14. Nxb6 cxb6
15. h3 Nf6 16. Qb3 b5 17. axb5 axb5 18. Bb2 Nh5 19. d4 Rxa2 20. Qxa2 Nf4 21.
Re3 exd4 22. Nxd4 Nxd4 23. cxd4 Qf7 24. Bc1 Qg6 25. Rg3 Qxe4 26. Bxf4 Rxf4 27.
Re3 Qd5 28. Qe2 Qc4 29. Qh5 Rxd4 30. Qe8+ Kh7 31. Rg3 Rd1+ 32. Kh2 Qe4 33. Qf7
Qe5 1/2-1/2

[Event "9. Lichtenberger Sommer"]
[Site "Berlin"]
[Date "2010.08.10"]
[Round "4.14"]
[White "Elsing, Jan"]
[Black "Kohler, Thomas"]
[Result "1/2-1/2"]
[WhiteElo "2140"]
[BlackElo "2246"]
[PlyCount "106"]
[EventDate "2010.??.??"]
[WhiteTeam "SC Friesen Lichtenberg e.V."]
[BlackTeam "SC Zitadelle Spandau 1977 e.V."]

1. e4 c5 2. Nc3 d6 3. g3 Nc6 4. Bg2 g6 5. Nge2 Bg7 6. O-O Rb8 7. Nd5 e6 8. Ne3
Nge7 9. d3 O-O 10. f4 f5 11. c3 b6 12. b3 Ba6 13. exf5 gxf5 14. Bb2 d5 15. Nc2
b5 16. Rb1 Qd6 17. a3 Rfd8 18. d4 b4 19. axb4 cxb4 20. cxb4 Nxb4 21. Ba3 Nec6
22. Re1 Qd7 23. Nxb4 Nxb4 24. Qd2 Qb5 25. Bf1 Qb6 26. Red1 Rdc8 27. Bxb4 Qxb4
28. Kg2 Qxd2 29. Rxd2 Rb4 30. Ra1 Rc6 31. Ra3 Bxe2 32. Bxe2 Bxd4 33. Ra4 Rxa4
34. bxa4 Bb6 35. Bb5 Rc7 36. Re2 Kf7 37. h3 Bc5 38. Rc2 Bd6 39. Rxc7+ Bxc7 40.
Kf3 Kf6 41. g4 fxg4+ 42. hxg4 h6 43. Bd7 e5 44. fxe5+ Kxe5 45. Ke3 Bb6+ 46. Kd3
Bd8 47. Bc8 Kd6 48. Bf5 Bf6 49. Bc8 Ke5 50. Bd7 Kf4 51. Bc8 Ke5 52. Bd7 Kd6 53.
Bc8 Ke5 1/2-1/2

[Event "9. Lichtenberger Sommer"]
[Site "Berlin"]
[Date "2010.08.10"]
[Round "4.15"]
[White "Richter, Götz"]
[Black "Niehaus, Frank"]
[Result "0-1"]
[WhiteElo "2072"]
[BlackElo "2201"]
[PlyCount "40"]
[EventDate "2010.??.??"]
[WhiteTeam "Klub Kölner Schachfreunde e.V. 1"]
[BlackTeam "SK König Tegel 1949 e.V."]

1. e4 c5 2. Nf3 d6 3. d4 cxd4 4. Nxd4 Nf6 5. Nc3 g6 6. Bg5 Bg7 7. Bb5+ Nbd7 8.
Qe2 O-O 9. Bxd7 Bxd7 10. O-O-O Qa5 11. h4 Rac8 12. Nb3 Qc7 13. Rhe1 Be6 14. Nd5
Bxd5 15. exd5 Rfe8 16. Kb1 a5 17. Rd3 a4 18. Nc1 Qc4 19. Qd1 Ne4 20. Be3 Qb5
0-1

[Event "9. Lichtenberger Sommer"]
[Site "Berlin"]
[Date "2010.08.10"]
[Round "4.16"]
[White "Thier, Jürgen"]
[Black "Kalinitschew, Sergey"]
[Result "1-0"]
[WhiteElo "2073"]
[BlackElo "2462"]
[PlyCount "107"]
[EventDate "2010.??.??"]
[WhiteTeam "SF Heidelberg"]
[BlackTeam "SC Kreuzberg e.V."]

1. Nf3 d6 2. d4 g6 3. c4 f5 4. Nc3 Nf6 5. b4 Bg7 6. Bb2 O-O 7. g3 c5 8. dxc5
Ne4 9. Qb3 dxc5 10. Rd1 Nd7 11. Nxe4 fxe4 12. Bxg7 Kxg7 13. Ng5 Qb6 14. Bh3 Nf6
15. Bxc8 Raxc8 16. bxc5 Qa5+ 17. Kf1 Kg8 18. Ne6 Ng4 19. f3 exf3 20. exf3 Rf6
21. Qxb7 Ne3+ 22. Ke2 Qxa2+ 23. Rd2 Qxc4+ 24. Kxe3 Rxe6+ 25. Kf2 Qxc5+ 26. Kg2
Kf7 27. Ra1 a5 28. Raa2 Rcc6 29. Qa8 Re1 30. Rf2 Qc1 31. f4 Rg1+ 32. Kh3 Rc5
33. Rxa5 Qc3 34. Rxc5 Qxc5 35. Qa2+ Kf8 36. Qe2 Kg7 37. f5 gxf5 38. Rf4 Rb1 39.
Qh5 e6 40. Rh4 Kf6 41. Qxh7 Qb5 42. Qh8+ Ke7 43. Qg7+ Kd6 44. Rd4+ Qd5 45.
Rxd5+ Kxd5 46. Qc3 Rb5 47. Qd3+ Kc5 48. Kh4 Rb4+ 49. Kg5 Rd4 50. Qb3 Re4 51.
Kf6 Kd4 52. h4 Re3 53. Qb6+ Kd3 54. h5 1-0

[Event "9. Lichtenberger Sommer"]
[Site "Berlin"]
[Date "2010.08.10"]
[Round "4.17"]
[White "Von Herman, Ulf"]
[Black "Müller, Peter"]
[Result "1-0"]
[WhiteElo "2400"]
[BlackElo "2013"]
[PlyCount "49"]
[EventDate "2010.??.??"]
[WhiteTeam "SK König Tegel 1949 e.V."]
[BlackTeam "SV Berolina Mitte e.V."]

1. Nf3 Nf6 2. c4 g6 3. Nc3 Bg7 4. d4 O-O 5. Bg5 d6 6. e3 Nbd7 7. Be2 c5 8. d5
Ng4 9. Nd2 Nh6 10. O-O f5 11. f4 Nf6 12. h3 a6 13. Qc2 Nf7 14. Bh4 Qc7 15. Kh1
Bd7 16. Rae1 b5 17. cxb5 axb5 18. Bxb5 Bxb5 19. Nxb5 Qb7 20. Bxf6 Bxf6 21. a4
Rfc8 22. Nc4 Qxd5 23. Nb6 Qa2 24. Nc3 Qe6 25. e4 1-0

[Event "9. Lichtenberger Sommer"]
[Site "Berlin"]
[Date "2010.08.10"]
[Round "4.18"]
[White "Jaeger, Andre"]
[Black "Muse, Drazen"]
[Result "0-1"]
[WhiteElo "2051"]
[BlackElo "2378"]
[PlyCount "88"]
[EventDate "2010.??.??"]
[WhiteTeam "SC Rochade e.V."]
[BlackTeam "SK König Tegel 1949 e.V."]

1. d4 d6 2. Nf3 Nf6 3. c4 g6 4. g3 Bg7 5. Bg2 O-O 6. Nc3 c6 7. O-O Qa5 8. h3
Be6 9. d5 cxd5 10. Nd4 dxc4 11. Nxe6 fxe6 12. Bxb7 Nbd7 13. Bxa8 Rxa8 14. Qa4
Qc7 15. Be3 Nd5 16. Nxd5 exd5 17. Rad1 e6 18. Rd2 Rb8 19. Qa3 Rb5 20. Bd4 e5
21. Qxa7 Qxa7 22. Bxa7 Ra5 23. Be3 d4 24. Bg5 Rxa2 25. Rc2 d5 26. Rfc1 Ra8 27.
f3 Nc5 28. Be7 Nb3 29. Rd1 Ra2 30. h4 Kf7 31. Ba3 Bh6 32. Kf1 Na1 33. Rcc1 Bxc1
34. Rxc1 Nb3 35. Rc2 Ke6 36. Kf2 h5 37. g4 hxg4 38. fxg4 e4 39. h5 gxh5 40.
gxh5 Ra1 41. h6 Rh1 42. Bf8 d3 43. exd3 exd3 44. Rc3 d2 0-1

[Event "9. Lichtenberger Sommer"]
[Site "Berlin"]
[Date "2010.08.10"]
[Round "4.19"]
[White "Kötz, Andreas"]
[Black "Syré, Christian"]
[Result "1-0"]
[WhiteElo "2039"]
[BlackElo "2282"]
[PlyCount "107"]
[EventDate "2010.??.??"]
[WhiteTeam "SC Zitadelle Spandau 1977 e.V."]
[BlackTeam "TSG Oberschöneweide e.V."]

1. d4 Nf6 2. c4 g6 3. Nc3 Bg7 4. e4 O-O 5. Nf3 d6 6. Be2 e5 7. O-O Nbd7 8. Qc2
exd4 9. Nxd4 Re8 10. Be3 c6 11. Rfe1 a6 12. Rad1 Qe7 13. f3 Ne5 14. a4 a5 15.
Nb3 Be6 16. Bb6 Bxc4 17. Bxc4 Nxc4 18. Bf2 Nh5 19. Nd2 Ne5 20. Nf1 Bh6 21. Kh1
Qf6 22. Be3 Bxe3 23. Nxe3 Re6 24. Ne2 Qg5 25. Qd2 f6 26. Rf1 Nf7 27. Qc3 f5 28.
Qb3 Qe7 29. Nd4 Re5 30. Nc4 fxe4 31. Nxe5 dxe5 32. Ne2 Nf6 33. Ng3 exf3 34.
Rxf3 Nd5 35. Ne4 Rd8 36. Rdf1 Nh6 37. Re1 Kh8 38. Ng3 Re8 39. Qc4 Qb4 40. Qxb4
axb4 41. Ne4 Kg7 42. Kg1 Re7 43. h3 Nf5 44. Rd3 h6 45. a5 Nd4 46. Ra1 Nf4 47.
Rdd1 Kf7 48. a6 bxa6 49. Rxa6 Ke6 50. Ra5 Rf7 51. Kh2 Nfe2 52. Nc5+ Kd6 53. Nd3
e4 54. Nc1 1-0

[Event "9. Lichtenberger Sommer"]
[Site "Berlin"]
[Date "2010.08.10"]
[Round "4.20"]
[White "Plump, Detlef"]
[Black "Schildt, René"]
[Result "1/2-1/2"]
[WhiteElo "2258"]
[BlackElo "1973"]
[PlyCount "56"]
[EventDate "2010.??.??"]
[WhiteTeam "Chessclub York"]
[BlackTeam "SC Zugzwang 95 e.V."]

1. e4 d5 2. exd5 Qxd5 3. Nc3 Qa5 4. d4 e5 5. Nf3 Bg4 6. dxe5 Bb4 7. Bd2 Nc6 8.
a3 Nd4 9. Be2 Bxf3 10. Bxf3 Qxe5+ 11. Kf1 Bxc3 12. Bxc3 O-O-O 13. Bxd4 Rxd4 14.
Qe2 Qf6 15. g3 Ne7 16. Kg2 Rhd8 17. Rhe1 Nc6 18. Rad1 Rxd1 19. Rxd1 Rxd1 20.
Qxd1 a6 21. c3 Ne5 22. Be4 g6 23. Qd4 Qe7 24. f4 Ng4 25. Qh8+ Kd7 26. Qd4+ Kc8
27. Qh8+ Kd7 28. Qd4+ Kc8 1/2-1/2

[Event "9. Lichtenberger Sommer"]
[Site "Berlin"]
[Date "2010.08.10"]
[Round "4.21"]
[White "Förster, Jonas"]
[Black "Nötzel, Felix"]
[Result "0-1"]
[WhiteElo "2204"]
[BlackElo "1966"]
[PlyCount "72"]
[EventDate "2010.??.??"]
[WhiteTeam "SSC Rostock 07"]
[BlackTeam "SC Borussia Friedrichsfelde 1920"]

1. d4 d5 2. c4 e6 3. Nc3 c6 4. Nf3 dxc4 5. a4 Bb4 6. e4 b5 7. Be2 Nf6 8. Qc2
Bb7 9. O-O a6 10. Rd1 Nbd7 11. e5 Nd5 12. Ne4 h6 13. h4 O-O 14. g4 Re8 15. h5
Be7 16. g5 hxg5 17. Nfxg5 Nf8 18. Kh2 f5 19. exf6 Nxf6 20. h6 Nxe4 21. Nxe4
Bd6+ 22. Nxd6 Qxd6+ 23. f4 c5 24. hxg7 Nh7 25. dxc5 Qxc5 26. Bg4 Nf6 27. Bh3
Qh5 28. Rg1 Rad8 29. Be3 Rd3 30. Rae1 Be4 31. Qf2 Bf5 32. Qg3 Ng4+ 33. Kg2
Nxe3+ 34. Rxe3 Rd2+ 35. Kh1 Red8 36. Qg5 Be4+ 0-1

[Event "9. Lichtenberger Sommer"]
[Site "Berlin"]
[Date "2010.08.10"]
[Round "4.22"]
[White "Barwich, Andreas"]
[Black "Simon, Ralf-Axel"]
[Result "0-1"]
[WhiteElo "1905"]
[BlackElo "2206"]
[PlyCount "84"]
[EventDate "2010.??.??"]
[WhiteTeam "SV Berolina Mitte e.V."]
[BlackTeam "TSG Neuruppin"]

1. d4 d5 2. Nc3 Nf6 3. Bg5 Nbd7 4. Nf3 h6 5. Bxf6 Nxf6 6. e3 e6 7. Bd3 Bb4 8.
O-O c5 9. Bb5+ Ke7 10. Na4 c4 11. c3 Bd6 12. Nc5 Qc7 13. e4 dxe4 14. Nd2 Bxc5
15. dxc5 Qxc5 16. Qa4 Rd8 17. Nxc4 a6 18. Ne3 Qxb5 19. Qa3+ Ke8 20. Rad1 Rd3
21. Rfe1 Bd7 22. Rxd3 exd3 23. c4 Qe5 24. Qb4 a5 25. Qd2 Ne4 26. Qxd3 Bc6 27.
Rd1 Qc7 28. Nd5 exd5 29. cxd5 Bxd5 30. Qxd5 Nf6 31. Qd3 Kf8 32. h3 Kg8 33. Qb5
Qc6 34. Qf5 b6 35. g4 Re8 36. Qf4 Qe4 37. Qg3 Qe2 38. Rf1 Ne4 39. Qf4 Nd2 40.
Rc1 Nf3+ 41. Kg2 Ne1+ 42. Kg3 Nd3 0-1